La teoria economica en el analisis de la Empresa Nacional de la Coca (Record no. 23384)

000 -CABECERA
fixed length control field 01298nam a22003137i 4500
003 - IDENTIFICADOR DEL NÚMERO DE CONTROL
control field AR-CdUCM
008 - DATOS DE LONGITUD FIJA--INFORMACIÓN GENERAL
fixed length control field 250902b20202020 pe||||| |||| 00| 0 spa d
020 ## - NÚMERO INTERNACIONAL ESTÁNDAR DEL LIBRO
ISBN 978-612-00-4928-0
040 ## - FUENTE DE LA CATALOGACIÓN
Agencia/entidad que catalogó originalmente la obra MUNICIPALIDAD PROVINCIAL DEL CUSCO
Entidad que transcribió la catalogación BIBLIOTECA MUNICIPAL DEL CUSCO
082 ## - NÚMERO DE LA CLASIFICACIÓN DECIMAL DEWEY
No. de Clasificación 338.749 / L88
Notacion interna L88
100 ## - ENTRADA PRINCIPAL--NOMBRE DE PERSONA
Nombre Personal López Zeballos, Oscar Raul
245 ## - MENCIÓN DE TÍTULO
Título La teoria economica en el analisis de la Empresa Nacional de la Coca
260 ## - PUBLICACIÓN, DISTRIBUCIÓN, ETC.
Lugar de publicación, distribución, etc. Cusco :
Nombre de la editorial, distribuidor, etc. Autor-Editor
Fecha de publicación, distribución, etc. 2020
300 ## - DESCRIPCIÓN FÍSICA
Nº de Páginas Extensión 114 páginas. :
Otros detalles físicos Ilustraciones
Dimensiones 21x15 cm.
500 ## - NOTA GENERAL
Bibliografía Páginas 112-114
505 ## - NOTA DE CONTENIDO CON FORMATO
Nota de contenido formateada Que es ENECO? -- La hoja de coca -- Producción nacional de la hoja de coca -- Evolución de cultivos de coca -- Valle de la Convención-Lares y Kcosñipata -- Valle del VRAEM y Alto Huallaga -- Valles de Pichis-Palcazu, Aguaytía y otros -- Tipos de demanda por países -- Estructura de costos -- Comercio nacional e internacional -- Análisis financiero
650 ## - PUNTO DE ACCESO ADICIONAL DE MATERIA--TÉRMINO DE MATERIA
Descriptor Coca
9 (RLIN) 21158
650 ## - PUNTO DE ACCESO ADICIONAL DE MATERIA--TÉRMINO DE MATERIA
Descriptor Cultivos de la coca
9 (RLIN) 51469
650 ## - PUNTO DE ACCESO ADICIONAL DE MATERIA--TÉRMINO DE MATERIA
Descriptor ENACO
9 (RLIN) 38155
650 ## - PUNTO DE ACCESO ADICIONAL DE MATERIA--TÉRMINO DE MATERIA
Descriptor Vraem
9 (RLIN) 51470
650 ## - PUNTO DE ACCESO ADICIONAL DE MATERIA--TÉRMINO DE MATERIA
Descriptor Inambari
9 (RLIN) 51471
650 ## - PUNTO DE ACCESO ADICIONAL DE MATERIA--TÉRMINO DE MATERIA
Descriptor Tambopata
9 (RLIN) 9121
650 ## - PUNTO DE ACCESO ADICIONAL DE MATERIA--TÉRMINO DE MATERIA
Descriptor Vajo Amazonas
9 (RLIN) 51472
650 ## - PUNTO DE ACCESO ADICIONAL DE MATERIA--TÉRMINO DE MATERIA
Descriptor Putumayo
9 (RLIN) 51473
650 ## - PUNTO DE ACCESO ADICIONAL DE MATERIA--TÉRMINO DE MATERIA
Descriptor Marañon
9 (RLIN) 51474
942 ## - ELEMENTOS DE PUNTO DE ACCESO ADICIONAL (KOHA)
Fuente de clasificación
Tipo de item Libros-BMC
945 ## - PROCESAMIENTO DE INFORMACIÓN LOCAL (OCLC)
Catalogador pbjr
AAAA-MM-DD - Fecha de ingreso o modificacion 2-09-2025
Holdings
Estado de retiro (separado) Fuente de clasificación o esquema de estanterías Estado dañado Ubicación Sala donde se ubica Nombre de la colección Fecha de adquisición o compra Fuente de adquisición Costo, precio normal en soles Signatura topográfica Código de Barras Última vez visto (Koha) Tipo de ítem (Koha)
No     Sala Humanidades Sala Humanidades Book Cart 2025-09-02 Depósito legal 15.00 338.749 / L88 SH0000016996 2025-09-02 Libros-BMC

Powered by Koha